L'Histoire par lettre - F - Statistiques

Statistiques générales
  • Ce quiz a été pris 499 fois
  • Le résultat moyen est 8 sur 10
Statistiques - réponses
Indices Réponses % Correct
Le fondateur de ce constructeur automobile se prénomme Henry _______ Ford
95%
Pape actuel François
91%
Cette ville japonaise connait un accident nucléaire le 11 mars 2011 Fukushima
91%
Danse datant du 18ème siècle provenant de l'Andalousie Flamenco
85%
Titre d'Adolf Hitler Führer
85%
Le F dans John F_________ Kennedy Fitzgerald
79%
7ème président français : Félix ________ Faure
76%
Nom de famille du premier ministre français de 2007 à 2012 Fillon
71%
Originaires du 18ème siècle, elles sont un des trois ingrédients de la poutine Frites
67%
Les Espagnols durent céder cette colonie aux Britanniques en 1763 Floride
31%
Aucun quiz correspondant
Distribution des résultats
% des personnes avec chaque résultat
Percentile par nombre de réponses
Votre historique - résultats
Vous n’avez pas pris ce quiz